La science mystérieuse des Pharaons /

محفوظ في:

المؤلف الرئيسي: Moreux, Théophile, 1867-1954 (مؤلف)

التنسيق: كتاب

اللغة: English

منشور في: Paris : G. Doin & cie, [1938].

الطبعة: Nouv. éd.

الموضوعات:

الوسوم: إضافة وسم

لا توجد وسوم, كن أول من يضع وسما على هذه التسجيلة!

رقم الطلب: AZ311 .M6 1938

LEADER 00786nam a2200253I 4500
001 7325
003 OSt
005 20250914070901.0
008 130303s1938 fr abf 000 0 eng d
010 |a 39003837 
035 |a ocm02830105 
040 |c ARCE Library 
043 |a f-ua--- 
050 4 |a AZ311 .M6 1938 
100 1 |a Moreux, Théophile,  |d 1867-1954,  |e author 
245 1 3 |a La science mystérieuse des Pharaons /  |c par l'abbé Moreux. Avec 39 figures dans le texte et VIII planches hors texte. 
250 |a Nouv. éd. 
264 1 |a Paris :  |b G. Doin & cie,  |c [1938]. 
300 |a 249 pages, 1 l. :   |b illustrations, maps, [8] plates ;   |c 19 cm. 
500 |a On cover : Abbé Th. Moreux. 
650 0 |a Science  |z Egypt  |x History. 
901 |a reviewed 
942 |c BK  |2 lcc 
999 |c 4636  |d 4636